[Event "HUN-chT2 Erkel 1112"]
[Site "Hungary"]
[Date "2012.03.12"]
[Round "7.1"]
[White "Kovacs, Lajos"]
[Black "Bencze, Laszlo"]
[Result "1/2-1/2"]
[WhiteElo "2243"]
[BlackElo "2201"]
[PlyCount "175"]
[EventDate "2011.09.25"]
[EventType "team-tourn"]
[EventRounds "11"]
[EventCountry "HUN"]
[SourceTitle "EXT 2013"]
[Source "ChessBase"]
[SourceDate "2012.11.22"]
[SourceVersion "1"]
[SourceVersionDate "2012.11.22"]
[SourceQuality "1"]
[WhiteTeam "Honved II"]
[BlackTeam "Dunaharaszti"]
[WhiteTeamCountry "HUN"]
[BlackTeamCountry "HUN"]

1. d4 d6 2. Nf3 Nf6 3. c4 g6 4. Nc3 Bg7 5. e4 0-0 6. Be2 Na6 7. 0-0 Qe8 8. Nd2 e5 9. d5 c5 10. h3 Nc7 11. a4 Qe7 12. Re1 Nd7 13. Nf1 Ne8 14. Nh2 f5 15. exf5 gxf5 16. f4 Qf6 17. Kh1 Qd8 18. Qc2 e4 19. Be3 Qh4 20. Bf1 Ndf6 21. Qf2 Qxf2 22. Bxf2 Nh5 23. g3 Bd4 24. Kg2 Bxf2 25. Kxf2 Nhf6 26. Be2 h5 27. Rg1 Kf7 28. h4 Bd7 29. Nf1 Rg8 30. Ne3 Ke7 31. Ra3 Nc7 32. Rb1 Na6 33. Na2 Nb4 34. Nxb4 cxb4 35. Ra2 a5 36. b3 Rg7 37. Rg1 Rc8 38. Nc2 Rh7 39. Nd4 Rc5 40. Ke1 Ne8 41. Bf1 Nc7 42. Re2 Kf6 43. Bh3 Na6 44. Kd2 Rc8 45. Re3 Nc5 46. Bf1 Rg8 47. Be2 Rh6 48. Bd1 Rh7 49. Rf1 Rhg7 50. Ne2 Bc8 51. Bc2 Bd7 52. Ke1 Be8 53. Kf2 Bg6 54. Ng1 Rc7 55. Nh3 Rgc8 56. Ng5 Bf7 57. Rd1 Bg8 58. Rd4 Bf7 59. Re2 Be8 60. Re1 Bf7 61. Rh1 Re7 62. Ke3 Kg7 63. Rh2 Kf6 64. Rhd2 Rd7 65. Bd1 Rh8 66. Rh2 Be8 67. Kd2 Bg6 68. Bc2 Rc8 69. Re2 Bf7 70. Rh2 Re7 71. Re2 Be8 72. Re3 Bf7 73. Ke2 Bg8 74. Rd1 Rec7 75. Kf2 Nd7 76. Bxe4 fxe4 77. Nxe4+ Kg6 78. Nxd6 Nf6 79. Kf3 Rd8 80. Nb5 Rcd7 81. Re5 Bf7 82. Rd3 Ng4 83. Rg5+ Kf6 84. Nd4 Re8 85. Rf5+ Kg6 86. Rg5+ Kf6 87. Rf5+ Kg6 88. Rg5+ 1/2-1/2

[Event "HUN-ch U18"]
[Site "Celldoemoelk"]
[Date "2011.07.02"]
[Round "6"]
[White "Odor, Istvan"]
[Black "Kovacs, Lajos"]
[Result "0-1"]
[WhiteElo "2016"]
[BlackElo "2138"]
[PlyCount "120"]
[EventDate "2011.06.27"]
[EventType "swiss"]
[EventRounds "7"]
[EventCountry "HUN"]
[SourceTitle "EXT 2012"]
[Source "ChessBase"]
[SourceDate "2011.11.24"]
[SourceVersion "1"]
[SourceVersionDate "2011.11.24"]
[SourceQuality "1"]

1. e4 c5 2. Nf3 e6 3. d4 cxd4 4. Nxd4 Nf6 5. Nc3 d6 6. Be3 a6 7. f3 b5 8. Qd2 Nbd7 9. g4 h6 10. h4 Ne5 11. 0-0-0 Nfd7 12. Qf2 Qc7 13. Kb1 Nc5 14. Bd3 Rb8 15. Qf1 g6 16. g5 b4 17. Nce2 Nexd3 18. cxd3 b3 19. Nxb3 Nxb3 20. axb3 hxg5 21. hxg5 Rxh1 22. Qxh1 Rxb3 23. Nd4 Rb4 24. Nc2 Rb8 25. Qh8 Bd7 26. Qd4 e5 27. Qa7 Qc8 28. Bc1 Rb7 29. Qf2 Ba4 30. Re1 Qc3 31. Re3 Qc8 32. Re1 Be7 33. Rh1 Kd7 34. Qg2 Bb3 35. Ne3 Qc6 36. Nc4 Bxc4 37. dxc4 Qxc4 38. Rd1 Qb3 39. Qh3+ Qe6 40. Qg2 Rb5 41. Qf1 Ra5 42. Rd3 Qa2+ 43. Kc2 Qc4+ 44. Kb1 Rc5 45. Qd1 Rb5 46. Ra3 a5 47. Ra4 Qc5 48. f4 exf4 49. Bxf4 Qf2 50. Qd2 Qxd2 51. Bxd2 Bxg5 52. Bxa5 Bf6 53. Bb4 Rh5 54. Ra6 Be5 55. Ra7+ Ke6 56. Kc2 Rh2+ 57. Kd3 Rxb2 58. Bd2 Rb3+ 59. Kc4 Rg3 60. Ra8 Rg4 0-1

[Event "HUN-ch U18"]
[Site "Celldoemoelk"]
[Date "2011.06.27"]
[Round "1"]
[White "Kovacs, Lajos"]
[Black "Ruboczki, Tibor"]
[Result "1-0"]
[WhiteElo "2138"]
[BlackElo "1927"]
[PlyCount "81"]
[EventDate "2011.06.27"]
[EventType "swiss"]
[EventRounds "7"]
[EventCountry "HUN"]
[SourceTitle "EXT 2012"]
[Source "ChessBase"]
[SourceDate "2011.11.24"]
[SourceVersion "1"]
[SourceVersionDate "2011.11.24"]
[SourceQuality "1"]

1. d4 d5 2. c4 c6 3. Nc3 Nf6 4. e3 g6 5. a4 Bg7 6. Bd3 0-0 7. Nge2 e6 8. 0-0 Re8 9. f4 b6 10. a5 Bb7 11. b4 bxa5 12. bxa5 Ba6 13. c5 Qc8 14. Bc2 Bb5 15. Bd2 a6 16. Rf3 Nbd7 17. Rh3 Nf8 18. Nc1 N6d7 19. Nd3 f5 20. Ne5 Nxe5 21. fxe5 Ra7 22. g4 Ree7 23. Rg3 Rf7 24. Ne2 Bh6 25. Nf4 Bxf4 26. exf4 Rg7 27. Kf2 Kf7 28. Rb1 Ke8 29. Qf3 Rae7 30. Kg1 Kd8 31. Rg2 Ra7 32. Be1 Rad7 33. Bh4+ Kc7 34. Kf2 Rgf7 35. Bf6 Qe8 36. h4 h6 37. gxf5 gxf5 38. Rg8 Rh7 39. Rbg1 h5 40. R1g5 Qf7 41. Bd1 1-0

[Event "Budapest FS02 FM-A"]
[Site "Budapest"]
[Date "2010.02.12"]
[Round "7"]
[White "Kovacs, Lajos"]
[Black "Kantor, Gergely"]
[Result "1-0"]
[WhiteElo "2138"]
[BlackElo "1909"]
[PlyCount "113"]
[EventDate "2010.02.06"]
[EventType "tourn"]
[EventRounds "11"]
[EventCountry "HUN"]
[SourceTitle "CBM 135 Extra"]
[Source "ChessBase"]
[SourceDate "2010.05.04"]
[SourceVersion "1"]
[SourceVersionDate "2010.05.04"]
[SourceQuality "1"]

1. d4 Nf6 2. c4 e6 3. Nc3 Bb4 4. Qc2 0-0 5. a3 Bxc3+ 6. Qxc3 b5 7. cxb5 c6 8. Nf3 cxb5 9. Bg5 Nc6 10. e3 a6 11. Bd3 h6 12. Bh4 Bb7 13. 0-0 Rc8 14. Qd2 d6 15. Rac1 Qe7 16. e4 e5 17. d5 Nb8 18. a4 bxa4 19. Bxf6 Qxf6 20. Qb4 Qe7 21. Nxe5 a5 22. Qb6 dxe5 23. d6 Qd8 24. Qxb7 Rxc1 25. Rxc1 Qxd6 26. Bb5 a3 27. bxa3 Qxa3 28. Rc8 Rxc8 29. Qxc8+ Qf8 30. Qc3 Qd6 31. g3 a4 32. Bxa4 Na6 33. Qc8+ Kh7 34. Bb3 Qf6 35. Bc4 Nb4 36. Qf8 Nc6 37. Bxf7 Ne7 38. h4 g6 39. Kg2 h5 40. Kg1 g5 41. hxg5 Qxg5 42. Bxh5 Qxh5 43. Qxe7+ Kg8 44. Qe6+ Kg7 45. Kg2 Qg5 46. Qf5 Qe7 47. Kh3 Qd6 48. Kg4 Qd1+ 49. f3 Qd6 50. Qg5+ Kf7 51. Kh3 Qd4 52. Qf5+ Kg7 53. Qe6 Qb2 54. Kg4 Qc3 55. f4 exf4 56. gxf4 Qd3 57. Qe5+ 1-0

[Event "HUN-chT U18"]
[Site "Miskolc"]
[Date "2009.10.30"]
[Round "8.6"]
[White "Kovacs, Lajos"]
[Black "Genda, Karoly"]
[Result "1-0"]
[WhiteElo "2185"]
[BlackElo "1961"]
[PlyCount "93"]
[EventDate "2009.10.26"]
[EventType "team-swiss"]
[EventRounds "8"]
[EventCountry "HUN"]
[SourceTitle "EXT 2016"]
[Source "ChessBase"]
[SourceDate "2015.10.08"]
[SourceVersion "1"]
[SourceVersionDate "2015.10.08"]
[SourceQuality "1"]

1. d4 d5 2. c4 dxc4 3. Nf3 a6 4. e3 e6 5. Bxc4 Nf6 6. 0-0 c5 7. Qe2 b5 8. Bb3 Bb7 9. a4 Qb6 10. Rd1 Be7 11. axb5 axb5 12. Rxa8 Bxa8 13. dxc5 Bxc5 14. Nc3 Bc6 15. Ne5 b4 16. Na4 Qa5 17. Nxc6 Nxc6 18. Qc4 Nd7 19. Rxd7 Kxd7 20. Nxc5+ Kc7 21. Qf4+ Kc8 22. Qd6 Qc7 23. Qxc7+ Kxc7 24. Kf1 Na5 25. Ba4 Nc6 26. Ke2 Ra8 27. b3 Kd6 28. Ne4+ Kd5 29. f3 Rc8 30. Bd2 f5 31. Nf2 g5 32. Nd3 h5 33. h3 g4 34. Nf4+ Kd6 35. Bxc6 Kxc6 36. hxg4 hxg4 37. Nxe6 gxf3+ 38. gxf3 Kd5 39. Nf4+ Kc6 40. Nd3 Kb5 41. Bxb4 Rc2+ 42. Bd2 Ra2 43. Nf4 Rb2 44. Ne6 Kc6 45. Nd4+ Kd5 46. Kd3 Rb1 47. b4 1-0

[Event "HUN-chT U18"]
[Site "Miskolc"]
[Date "2009.10.26"]
[Round "1.13"]
[White "Toth, Levente"]
[Black "Kovacs, Lajos"]
[Result "1/2-1/2"]
[WhiteElo "1625"]
[BlackElo "2185"]
[PlyCount "85"]
[EventDate "2009.10.26"]
[EventType "team-swiss"]
[EventRounds "8"]
[EventCountry "HUN"]
[SourceTitle "EXT 2016"]
[Source "ChessBase"]
[SourceDate "2015.10.08"]
[SourceVersion "1"]
[SourceVersionDate "2015.10.08"]
[SourceQuality "1"]

1. e4 c5 2. c3 d5 3. exd5 Qxd5 4. d4 Nc6 5. Be3 e6 6. Nf3 Nf6 7. dxc5 Qxd1+ 8. Kxd1 Ng4 9. b4 a5 10. Bb5 Bd7 11. Nbd2 axb4 12. Bxc6 Bxc6 13. cxb4 Nxe3+ 14. fxe3 b6 15. cxb6 Bxb4 16. Rc1 Bxf3+ 17. Nxf3 0-0 18. a3 Rxa3 19. Rb1 Ra2 20. Rxb4 Ra1+ 21. Ke2 Rxh1 22. b7 h6 23. b8Q Rxb8 24. Rxb8+ Kh7 25. Rb7 Kg8 26. Rd7 Ra1 27. Rd8+ Kh7 28. Ne5 f6 29. Nf3 Ra2+ 30. Rd2 Ra4 31. Nd4 Ra6 32. Rc2 Kg6 33. Kf3 e5 34. Rc6 Ra7 35. Ne6 Re7 36. Nc5 Ra7 37. Ne6 Re7 38. g4 h5 39. gxh5+ Kxh5 40. Nc5 f5 41. Re6 e4+ 42. Kf4 Rf7 43. Kg3 1/2-1/2

[Event "Budapest FS08 FM-A"]
[Site "Budapest"]
[Date "2009.08.09"]
[Round "9"]
[White "Schenkerik, Csaba"]
[Black "Kovacs, Lajos"]
[Result "0-1"]
[WhiteElo "2153"]
[BlackElo "2138"]
[PlyCount "78"]
[EventDate "2009.08.01"]
[EventType "tourn"]
[EventRounds "10"]
[EventCountry "HUN"]
[SourceTitle "CBM 131 Extra"]
[Source "ChessBase"]
[SourceDate "2009.09.03"]
[SourceVersion "2"]
[SourceVersionDate "2009.09.16"]
[SourceQuality "1"]

1. e4 c5 2. Nf3 e6 3. d4 cxd4 4. Nxd4 Nf6 5. Nc3 d6 6. Bc4 a6 7. Bb3 b5 8. Bg5 Be7 9. Qf3 0-0 10. e5 dxe5 11. Nxe6 fxe6 12. Qxa8 Qc7 13. Qf3 b4 14. Nd1 Nc6 15. 0-0 Nd4 16. Qh3 Nd5 17. Bxe7 Qxe7 18. Ne3 Nf4 19. Qg4 Nde2+ 20. Kh1 Bb7 21. Rae1 h5 22. Qxe2 Nxe2 23. Rxe2 h4 24. h3 Qf6 25. Kg1 Qg6 26. Rd1 Bf3 27. Red2 Bxd1 28. Rxd1 Qf7 29. Ng4 Qc7 30. Bxe6+ Kh8 31. Ne3 Rd8 32. Bd5 Qc5 33. Kf1 g6 34. Rd2 Kg7 35. Rd1 Rf8 36. Bf3 e4 37. Rd7+ Kh8 38. Rd5 Qa7 39. Bxe4 Qxe3 0-1

[Event "Budapest FS08 FM-A"]
[Site "Budapest"]
[Date "2009.08.04"]
[Round "4"]
[White "Kovacs, Lajos"]
[Black "Schenkerik, Csaba"]
[Result "1/2-1/2"]
[WhiteElo "2138"]
[BlackElo "2153"]
[PlyCount "31"]
[EventDate "2009.08.01"]
[EventType "tourn"]
[EventRounds "10"]
[EventCountry "HUN"]
[SourceTitle "CBM 131 Extra"]
[Source "ChessBase"]
[SourceDate "2009.09.03"]
[SourceVersion "2"]
[SourceVersionDate "2009.09.16"]
[SourceQuality "1"]

1. d4 Nf6 2. c4 e6 3. Nc3 d5 4. Bg5 Be7 5. Nf3 Nbd7 6. e3 0-0 7. Bd3 c6 8. 0-0 dxc4 9. Bxc4 Nd5 10. Bxe7 Qxe7 11. Rc1 Nxc3 12. Rxc3 e5 13. d5 cxd5 14. Qxd5 e4 15. Nd4 Nf6 16. Qb5 1/2-1/2

[Event "Budapest FS08 FM-A"]
[Site "Budapest"]
[Date "2009.08.03"]
[Round "3"]
[White "Kovacs, Lajos"]
[Black "Mayer, Istvan"]
[Result "1/2-1/2"]
[WhiteElo "2138"]
[BlackElo "2184"]
[PlyCount "83"]
[EventDate "2009.08.01"]
[EventType "tourn"]
[EventRounds "10"]
[EventCountry "HUN"]
[SourceTitle "CBM 131 Extra"]
[Source "ChessBase"]
[SourceDate "2009.09.03"]
[SourceVersion "2"]
[SourceVersionDate "2009.09.16"]
[SourceQuality "1"]

1. d4 d5 2. c4 dxc4 3. Nf3 Nf6 4. e3 c5 5. Bxc4 cxd4 6. exd4 Nc6 7. Nc3 a6 8. a4 e6 9. 0-0 Be7 10. Be3 Nb4 11. Ne5 0-0 12. Rc1 Nfd5 13. Qf3 f6 14. Nd3 Nb6 15. Nxb4 Nxc4 16. Nd3 Rb8 17. b3 Na5 18. Rb1 b5 19. axb5 axb5 20. b4 Nc4 21. Nc5 Bd6 22. Rfd1 Qc7 23. h3 f5 24. Qe2 Qc6 25. f3 Qe8 26. Bf2 g5 27. Rbc1 Bf4 28. Rc2 Bd7 29. Nxd7 Qxd7 30. Nxb5 Qxb5 31. Qxe6+ Kg7 32. Rxc4 Rfe8 33. Qc6 Qxc6 34. Rxc6 Rxb4 35. d5 Rd8 36. d6 Rb7 37. g3 Be5 38. Kg2 Rbd7 39. Bc5 Kf7 40. Kf2 Ke6 41. Bb6 Ra8 42. Rc2 1/2-1/2

[Event "HUN-chT2 Barcza 0809"]
[Site "Hungary"]
[Date "2008.11.02"]
[Round "2.6"]
[White "Hidegh, Gabor"]
[Black "Kovacs, Lajos"]
[Result "1/2-1/2"]
[WhiteElo "2151"]
[BlackElo "2057"]
[PlyCount "54"]
[EventDate "2008.10.26"]
[EventType "team-tourn"]
[EventRounds "11"]
[EventCountry "HUN"]
[SourceTitle "EXT 2010"]
[Source "ChessBase"]
[SourceDate "2010.11.25"]
[SourceVersion "1"]
[SourceVersionDate "2010.11.25"]
[SourceQuality "1"]
[WhiteTeam "DEAC"]
[BlackTeam "Hajduszoboszlo"]
[WhiteTeamCountry "HUN"]
[BlackTeamCountry "HUN"]

1. d4 d5 2. Nf3 e6 3. Bf4 c5 4. c3 Nc6 5. e3 Nf6 6. Nbd2 cxd4 7. exd4 Bd6 8. Bg3 a6 9. Bd3 Bxg3 10. hxg3 Qc7 11. Qe2 b5 12. 0-0 0-0 13. Ne5 Na5 14. g4 Nc4 15. Ndxc4 dxc4 16. Bc2 Nd5 17. g5 f6 18. Bxh7+ Kxh7 19. Qh5+ Kg8 20. g6 Re8 21. Nf7 Kf8 22. Qh8+ Ke7 23. Qxg7 Kd7 24. Rae1 Kc6 25. f4 Bd7 26. Qh7 Ne7 27. g7 Ng8 1/2-1/2

[Event "HUN-chT2 Barcza 0809"]
[Site "Hungary"]
[Date "2008.10.26"]
[Round "1.6"]
[White "Hatala, Csaba Laszlo"]
[Black "Kovacs, Lajos"]
[Result "0-1"]
[WhiteElo "1992"]
[BlackElo "2057"]
[PlyCount "120"]
[EventDate "2008.10.26"]
[EventType "team-tourn"]
[EventRounds "11"]
[EventCountry "HUN"]
[SourceTitle "EXT 2010"]
[Source "ChessBase"]
[SourceDate "2010.11.25"]
[SourceVersion "1"]
[SourceVersionDate "2010.11.25"]
[SourceQuality "1"]
[WhiteTeam "Miskolc EMSE II"]
[BlackTeam "Hajduszoboszlo"]
[WhiteTeamCountry "HUN"]
[BlackTeamCountry "HUN"]

1. g3 d5 2. Bg2 e6 3. d3 Nf6 4. Nd2 c5 5. e4 Nc6 6. Ngf3 Qc7 7. Qe2 Be7 8. c3 b6 9. 0-0 0-0 10. e5 Nd7 11. Re1 Bb7 12. Nb3 Rac8 13. d4 c4 14. Nbd2 b5 15. b4 cxb3 16. axb3 Qb6 17. Bb2 a5 18. Reb1 Ba6 19. Bf1 Ncb8 20. Qe3 Qd8 21. Rc1 Rc6 22. c4 bxc4 23. bxc4 dxc4 24. Bxc4 Nb6 25. Bxa6 Rxc1+ 26. Bxc1 Nxa6 27. Qe2 Nb4 28. Rxa5 N6d5 29. Ra1 Nc2 30. Ra7 Qb8 31. Qa6 Ncb4 32. Qb7 Qxb7 33. Rxb7 Nd3 34. Bb2 Bb4 35. Nc4 h6 36. Ba3 Bxa3 37. Nxa3 Ra8 38. Nc4 Ra1+ 39. Kg2 Ra2 40. Ncd2 Ne1+ 41. Kf1 Nxf3 42. Nxf3 Ra1+ 43. Ke2 Ra2+ 44. Nd2 Rc2 45. Rb8+ Kh7 46. Kd3 Rc3+ 47. Ke4 f5+ 48. exf6 Nxf6+ 49. Kf4 g5+ 50. Ke5 Nd7+ 51. Kxe6 Nxb8 52. d5 Rc2 53. Ne4 Re2 54. Kf5 Nd7 55. Nf6+ Nxf6 56. Kxf6 Rxf2+ 57. Ke7 Re2+ 58. Kf7 Rd2 59. Ke6 Kg6 60. d6 Re2+ 0-1

[Event "HUN-chT2 Barcza 0708"]
[Site "Hungary"]
[Date "2008.05.18"]
[Round "11"]
[White "Kovacs, Lajos"]
[Black "Ats, Laszlo Gyorgy"]
[Result "1-0"]
[WhiteElo "2138"]
[BlackElo "2127"]
[PlyCount "75"]
[EventDate "2007.10.14"]
[EventType "team"]
[EventRounds "11"]
[EventCountry "HUN"]
[SourceTitle "EXT 2009"]
[Source "ChessBase"]
[SourceDate "2008.11.26"]
[SourceVersion "1"]
[SourceVersionDate "2008.11.26"]
[SourceQuality "1"]
[WhiteTeam "Hajduszoboszlo"]
[BlackTeam "Lokomotiv"]
[WhiteTeamCountry "HUN"]
[BlackTeamCountry "HUN"]

1. d4 e5 2. dxe5 Nc6 3. Nf3 Qe7 4. e3 Nxe5 5. Nbd2 Nf6 6. b3 d6 7. Bb2 Bg4 8. Be2 h5 9. h3 Bxf3 10. Nxf3 0-0-0 11. Bd3 g5 12. Qe2 Bh6 13. 0-0-0 Kb8 14. Kb1 Nfd7 15. Nxe5 dxe5 16. Qxh5 Bg7 17. Qe2 Qe6 18. Bc4 Qg6 19. Qf3 f5 20. Qd5 c6 21. Qe6 Qxe6 22. Bxe6 Kc7 23. Bxf5 Nb6 24. e4 Bf6 25. Ba3 Rd4 26. c3 Rxd1+ 27. Rxd1 Rd8 28. Kc2 Rxd1 29. Kxd1 Nd7 30. Ke2 b6 31. Kf3 Nc5 32. Bxc5 bxc5 33. c4 Kd6 34. Kg4 a5 35. Bc8 Kc7 36. Be6 Kd6 37. Kf5 Ke7 38. Bc8 1-0

[Event "HUN-chT2 Barcza 0708"]
[Site "Hungary"]
[Date "2007.10.14"]
[Round "1"]
[White "Kovacs, Lajos"]
[Black "Cselenyi, Balazs"]
[Result "0-1"]
[WhiteElo "2138"]
[BlackElo "2170"]
[PlyCount "76"]
[EventDate "2007.10.14"]
[EventType "team"]
[EventRounds "11"]
[EventCountry "HUN"]
[SourceTitle "EXT 2009"]
[Source "ChessBase"]
[SourceDate "2008.11.26"]
[SourceVersion "1"]
[SourceVersionDate "2008.11.26"]
[SourceQuality "1"]
[WhiteTeam "Hajduszoboszlo"]
[BlackTeam "DEAC"]
[WhiteTeamCountry "HUN"]
[BlackTeamCountry "HUN"]

1. d4 Nf6 2. c4 g6 3. Nc3 Bg7 4. e4 d6 5. f4 0-0 6. Be2 c5 7. d5 e6 8. Nf3 exd5 9. cxd5 Re8 10. Nd2 Nbd7 11. 0-0 a6 12. a4 Rb8 13. a5 b5 14. axb6 Qxb6 15. Nc4 Qc7 16. Bd3 Rb4 17. Re1 Nb6 18. Nxb6 Qxb6 19. h3 Nd7 20. Bc2 Rd4 21. Qf3 f5 22. Kh2 fxe4 23. Rxe4 Rdxe4 24. Bxe4 Nf6 25. Ra4 Bd7 26. Ra3 Qb4 27. Bc2 Bb5 28. Nxb5 axb5 29. f5 Nh5 30. g3 Nxg3 31. Kxg3 Qe1+ 32. Qf2 Qxc1 33. h4 Bd4 34. Qg2 Bxb2 35. Rf3 Re1 36. Kh2 Be5+ 37. Rg3 Bxg3+ 38. Qxg3 Rh1+ 0-1

[Event "HUN-chT2 Barcza 0607"]
[Site "Hungary"]
[Date "2007.04.15"]
[Round "8"]
[White "Kovacs, Lajos"]
[Black "Fulop, Norbert"]
[Result "1/2-1/2"]
[WhiteElo "2138"]
[BlackElo "1951"]
[PlyCount "76"]
[EventDate "2006.11.12"]
[EventType "team"]
[EventRounds "11"]
[EventCountry "HUN"]
[SourceTitle "EXT 2008"]
[Source "ChessBase"]
[SourceDate "2007.11.25"]
[SourceVersion "1"]
[SourceVersionDate "2007.11.25"]
[SourceQuality "1"]
[WhiteTeam "Debrecen Betu"]
[BlackTeam "Piremon"]
[WhiteTeamCountry "HUN"]
[BlackTeamCountry "HUN"]

1. d4 d5 2. c4 e6 3. Nc3 Nf6 4. Nf3 Be7 5. Bg5 h6 6. Bh4 0-0 7. e3 Ne4 8. Bxe7 Qxe7 9. Bd3 Nxc3 10. bxc3 dxc4 11. Bxc4 b6 12. e4 Bb7 13. Qe2 Nd7 14. 0-0 Nf6 15. Nd2 Rfd8 16. f4 c5 17. e5 Ne8 18. Nb3 cxd4 19. cxd4 Rac8 20. f5 exf5 21. Rxf5 Bd5 22. Bxd5 Rxd5 23. Raf1 f6 24. Qg4 Rc4 25. Qf3 Qe6 26. Qg3 Kh8 27. h3 a5 28. Qd3 b5 29. exf6 Nxf6 30. Rxd5 Qxd5 31. Rf5 Qd7 32. a4 bxa4 33. Qxc4 Qxf5 34. Qxa4 Qe4 35. Nxa5 Qe1+ 36. Kh2 Ng4+ 37. hxg4 Qh4+ 38. Kg1 Qe1+ 1/2-1/2

[Event "HUN-chT2 Barcza 0607"]
[Site "Hungary"]
[Date "2007.03.25"]
[Round "7"]
[White "Galko, Tibor"]
[Black "Kovacs, Lajos"]
[Result "0-1"]
[WhiteElo "2016"]
[BlackElo "2138"]
[PlyCount "114"]
[EventDate "2006.11.12"]
[EventType "team"]
[EventRounds "11"]
[EventCountry "HUN"]
[SourceTitle "EXT 2008"]
[Source "ChessBase"]
[SourceDate "2007.11.25"]
[SourceVersion "1"]
[SourceVersionDate "2007.11.25"]
[SourceQuality "1"]
[WhiteTeam "Edeleny II"]
[BlackTeam "Debrecen Betu"]
[WhiteTeamCountry "HUN"]
[BlackTeamCountry "HUN"]

1. e4 d5 2. exd5 Nf6 3. Nc3 Nxd5 4. Nxd5 Qxd5 5. Nf3 Bg4 6. Be2 Nd7 7. d4 Bxf3 8. Bxf3 Qa5+ 9. Qd2 Qxd2+ 10. Bxd2 0-0-0 11. c4 e5 12. d5 f5 13. g4 f4 14. b4 g6 15. g5 Bg7 16. Bc3 Nb6 17. Be2 f3 18. Bxf3 Nxc4 19. 0-0 Rhf8 20. Bg4+ Kb8 21. Rac1 Rf4 22. Be6 h5 23. Rc2 Bf8 24. Re1 Bd6 25. Rce2 Rf3 26. Rc1 b5 27. a4 a6 28. axb5 axb5 29. Ra2 Nb6 30. Ra5 Rxc3 31. Rxc3 Bxb4 32. Rca3 Bxa3 33. Rxa3 Kb7 34. Rd3 Rd6 35. Kg2 c5 36. dxc6+ Kxc6 37. Rxd6+ Kxd6 38. Bf7 Nd5 39. Kf3 Nf4 40. Ke4 h4 41. f3 b4 42. Bb3 Nh3 43. Bc2 Nxg5+ 44. Ke3 Ne6 45. Bxg6 b3 46. Kd2 Nd4 47. Ke3 Kc5 48. Bb1 Kc4 49. Be4 Kc3 50. Bd5 b2 51. Ba2 Nb3 52. Bb1 Nd2 53. Ba2 h3 54. f4 exf4+ 55. Kxf4 Kc2 56. Kg4 Nb3 57. Kxh3 Nc1 0-1

[Event "HUN-chT2 Barcza 0607"]
[Site "Hungary"]
[Date "2006.11.26"]
[Round "2"]
[White "Kovacs, Lajos"]
[Black "Kiraly, Gergely"]
[Result "1-0"]
[WhiteElo "2138"]
[BlackElo "1953"]
[PlyCount "67"]
[EventDate "2006.11.12"]
[EventType "team"]
[EventRounds "11"]
[EventCountry "HUN"]
[SourceTitle "EXT 2008"]
[Source "ChessBase"]
[SourceDate "2007.11.25"]
[SourceVersion "1"]
[SourceVersionDate "2007.11.25"]
[SourceQuality "1"]
[WhiteTeam "Debrecen Betu"]
[BlackTeam "Mezokovesd"]
[WhiteTeamCountry "HUN"]
[BlackTeamCountry "HUN"]

1. d4 Nf6 2. c4 g6 3. Nc3 Bg7 4. e4 d6 5. f4 0-0 6. Nf3 Nfd7 7. Be3 e5 8. dxe5 dxe5 9. f5 c6 10. Qc2 Qe7 11. g4 Na6 12. h4 Rd8 13. 0-0-0 Ndc5 14. Rxd8+ Qxd8 15. a3 Qe7 16. h5 b6 17. hxg6 hxg6 18. Qh2 gxf5 19. Qh7+ Kf8 20. gxf5 Nb3+ 21. Kb1 f6 22. Bh6 Nc7 23. Qh8+ Kf7 24. Qxg7+ Ke8 25. Qxe7+ Kxe7 26. Bd3 Nd4 27. Nxd4 exd4 28. Ne2 c5 29. Nf4 a6 30. Ng6+ Kd8 31. Bf4 Ne8 32. Rh7 Bd7 33. e5 fxe5 34. Nxe5 1-0

[Event "HUN-chT2 Barcza 0506"]
[Site "Hungary"]
[Date "2006.02.26"]
[Round "8"]
[White "Kovacs, Lajos"]
[Black "Runda, Mate Bence"]
[Result "1-0"]
[WhiteElo "2170"]
[BlackElo "1536"]
[PlyCount "36"]
[EventDate "2005.10.16"]
[EventType "team"]
[EventRounds "11"]
[EventCountry "HUN"]
[SourceTitle "EXT 2009"]
[Source "ChessBase"]
[SourceDate "2008.11.26"]
[SourceVersion "1"]
[SourceVersionDate "2008.11.26"]
[SourceQuality "1"]
[WhiteTeam "Debrecen Betu"]
[BlackTeam "Kozma Auto"]
[WhiteTeamCountry "HUN"]
[BlackTeamCountry "HUN"]

1. d4 d5 2. c4 e6 3. Nc3 Nf6 4. Nf3 Nbd7 5. Bf4 b6 6. Nb5 Bd6 7. Bxd6 cxd6 8. cxd5 Nxd5 9. Nxd6+ Ke7 10. Ne5 Nxe5 11. dxe5 Ba6 12. e4 Bxf1 13. Kxf1 Nc7 14. Qf3 Rf8 15. Rd1 Qb8 16. Qa3 f6 17. Nf5+ Kf7 18. Qe7+ Kg6 1-0

[Event "HUN-chT2 Barcza 0506"]
[Site "Hungary"]
[Date "2006.02.12"]
[Round "7"]
[White "Horvath, Adam2222"]
[Black "Kovacs, Lajos"]
[Result "0-1"]
[WhiteElo "2079"]
[BlackElo "2170"]
[PlyCount "104"]
[EventDate "2005.10.16"]
[EventType "team"]
[EventRounds "11"]
[EventCountry "HUN"]
[SourceTitle "EXT 2009"]
[Source "ChessBase"]
[SourceDate "2008.11.26"]
[SourceVersion "1"]
[SourceVersionDate "2008.11.26"]
[SourceQuality "1"]
[WhiteTeam "Tiszavasvar"]
[BlackTeam "Debrecen Betu"]
[WhiteTeamCountry "HUN"]
[BlackTeamCountry "HUN"]

1. e4 d5 2. exd5 Nf6 3. d4 Nxd5 4. Bb5+ Bd7 5. Bc4 e6 6. Nf3 Bc6 7. 0-0 Nd7 8. Bd2 N7b6 9. Bd3 Be7 10. Ne5 Bf6 11. Nxc6 bxc6 12. c3 0-0 13. f4 Nd7 14. Be1 Ne3 15. Bxh7+ Kxh7 16. Qd3+ Nf5 17. g4 g6 18. gxf5 exf5 19. Nd2 c5 20. Bf2 cxd4 21. Bxd4 Bxd4+ 22. Qxd4 Nb6 23. Qxd8 Raxd8 24. Rf2 Rd3 25. Re1 Rfd8 26. Ree2 Nd5 27. Nc4 Kg7 28. Ne5 Re3 29. Rxe3 Nxe3 30. Re2 Rd1+ 31. Kf2 Nd5 32. Kf3 Rf1+ 33. Kg3 Nxf4 34. Rf2 Nh5+ 35. Kg2 Rxf2+ 36. Kxf2 Nf6 37. Nc6 a6 38. Nb4 Ne4+ 39. Kf3 Nc5 40. Nd5 c6 41. Nb4 Na4 42. Nd3 Kf6 43. c4 a5 44. Kf4 Nb6 45. b3 g5+ 46. Kf3 Nd7 47. Kg3 f4+ 48. Kf2 Kf5 49. h3 Ke4 50. Ne1 Ne5 51. a3 Nd3+ 52. Nxd3 Kxd3 0-1